000
00322nam a2200109Ia 4500
008
200302s9999 xx 000 0 und d
100
_a
Buenos Aires Bienal
245
_a
New Architecture 5 Truth Radicality and Beyond in Contemporary Architecture
260
_b
Andreas Papaakis Publisher
260
_c
2000
300
_a
144 P.,
999
_c
3879
_d
3879